000 00327nam a2200133Ia 4500
003 OSt
005 20230727054038.0
008 170524s9999 xx 000 0 und d
040 _cIIMT UNIVERSITY
100 _aDESSELER- G
245 2 _aA FRAME WORK FOR HUMAN RESOURCE MANAGEMENT
260 _bCONCEPT PUB. CO.
942 _2ddc
_c02
999 _c8014
_d8014